000 00265nam a2200109Ia 4500
008 221009s9999 xx 000 0 und d
082 _a001
100 _aSnehil Tripathi
_972353
245 3 _aAn Introduction to Madhya Pradesh
260 _bMc Graw Hill
942 _cBK
999 _c65186
_d65186